00980nam a22002417a 450000500170000000800410001702000150005805000250007310000190009824000340011724501390015125000110029026000330030130000210033449000390035550000400039450400380043465000620047265000730053465000600060770000420066770000290070920230330143201.0220530t2002 sp gr||||000| 0 spa|d a844930941704aHF5548.32 bR54 20021 aRifkin, Jeremy14aThe age of access.lEspañol13aLa era del acceso b : la revolución de la nueva economía c / Jeremy Rifkin ; [traducción J. Francisco Álvarez, David Teira]. a1a ed. aBarcelona :bPaidós,c2002 a366 p. ;c24 cm.0 aPaidos estado y sociedad ;vno. 83 aTraducción de : The age of access 6Incluye bibliografía e índice 4aComercioxComercio electrónico vProcesamiento de datos 4aNegociosxComercio electrónicoxIntercambio electrónico de datos 4aEmpresasxInternet vRecursos en redes de computación1 aÁlvarez, J. Francisco, etraductor1 aTeira, David,etraductor